Spotlight on solar (Record no. 83640)
[ view plain ]
| 000 -LEADER | |
|---|---|
| fixed length control field | 00670cab a22001935a 4500 |
| 001 - CONTROL NUMBER | |
| control field | L154492 |
| 008 - FIXED-LENGTH DATA ELEMENTS--GENERAL INFORMATION | |
| fixed length control field | 111214s2012 xxk 000 0 eng d |
| 035 ## - SYSTEM CONTROL NUMBER | |
| System control number | (Sirsi) u154492 |
| 041 0# - LANGUAGE CODE | |
| Language code of text/sound track or separate title | eng |
| 100 1# - MAIN ENTRY--PERSONAL NAME | |
| Personal name | Parnham, Phil |
| 245 00 - TITLE STATEMENT | |
| Title | Spotlight on solar |
| 260 ## - PUBLICATION, DISTRIBUTION, ETC. | |
| Date of publication, distribution, etc. | 2012 |
| 490 ## - SERIES STATEMENT | |
| Series statement | Residential Property Journal |
| Volume/sequential designation | January-February 2012, 4-8(3), |
| 520 ## - SUMMARY, ETC. | |
| Summary, etc. | Advises chartered surveyors on how to assess solar PV installations. Looks at Feed-in Tariff (FIT) scheme and solar PV installations, legal aspects and Building Regulations. |
| 590 ## - LOCAL NOTE (RLIN) | |
| Local note | KA |
| 651 #4 - SUBJECT ADDED ENTRY--GEOGRAPHIC NAME | |
| Geographic name | England and Wales |
| Chronological subdivision | 1543- |
| 690 ## - LOCAL SUBJECT ADDED ENTRY--TOPICAL TERM (OCLC, RLIN) | |
| Topical term or geographic name as entry element | ENVIRONMENTAL AND LAND CONSULTANCY-ENERGY |
| 942 ## - ADDED ENTRY ELEMENTS (KOHA) | |
| Suppress in OPAC | 0 |
| Withdrawn status | Lost status | Source of classification or shelving scheme | Damaged status | Not for loan | Home library | Current library | Shelving location | Date acquired | Total Checkouts | Full call number | Barcode | Date last seen | Copy number | Price effective from | Koha item type |
|---|---|---|---|---|---|---|---|---|---|---|---|---|---|---|---|
| Dewey Decimal Classification | London | London | Journal article | 14/12/2011 | ONLINE PUBLICATION | 154492-1001 | 06/08/2019 | 1 | 06/08/2019 | Journal article |